00779 2200181 4500245003700000020002200037250001100059100001800070700001700088650001700105005001900122260003700141041001400178084001100192300002700203500035800230336000900588 aGaris WaktucFiersa BesarihText a978-979-794-525-1 aCet. 1 aFiersa Besari aJuliagar R,N aNovel Remaja a20240129135930 aJakarta SelatanbMediakitac2016 aIndonesia a808.83 aiv + 212 hlm. :c19 cm aPada sebuah garis waktu yang merangkak maju, akan ada saatnya kau bertemu dengan satu orang yang mengubah hidupmu untuk selamanya. Pada sebuah garis waktu yang merangkak maju, akan ada saatnya kau terluka dan kehilangan pegangan. pada sebuah garis waktu yang merangkak maju, akan ada saatnya kau ingin melompat mundur pada titik-titik kenangan tertentu. atext